| 000 | 00612nam a2200205 i 4500 | ||
|---|---|---|---|
| 001 | 77117 | ||
| 003 | ES-MaACL | ||
| 005 | 20230906173105.0 | ||
| 007 | t| | ||
| 008 | 041006s1973 sp ||||1| spa d | ||
| 100 | 1 |
_aGutiérrez Cabria, Segundo. _961099 |
|
| 245 | 1 | 0 |
_aIntroducción al cálculo de probabilidades y a la estadística / _cSegundo Gutiérrez Cabria. |
| 250 | _aEd. facs. | ||
| 260 |
_aValencia : _b[s.n.], _c1973. |
||
| 300 |
_a250 p. : _bil. ; _c22 cm. |
||
| 655 | 7 |
_2tgfbne _9226495 _aFacsímiles |
|
| 852 |
_aES-MaACL _jC-55107 _bR.87773 |
||
| 942 | _2udc | ||
| 999 |
_c77117 _d77117 |
||